000 00732nam a22002177a 4500
005 20240401100357.0
008 240401b ||||| |||| 00| 0 eng d
020 _a9789355738127
040 _cAIMIT LIBRARY
082 _23
_a658.406
_bWHIM
100 _aWhite, Margaret A.
_9157435
245 _aManagement of technology and innovation /
_cBy Margaret A White and Garry D Bruton.
250 _a3rd ed.
260 _aAustralia ;
_bCengage ,
_c2011.
300 _axxi,314p. ;
_bPB
_c28 cm.
650 _aLaying the foundation
_9157436
650 _aInnovation: internal strategy
_9157437
650 _aObtaining technology: external strategy
_9157438
700 _aBruton, Garry D.
_9157439
942 _2ddc
_cBK
_e3rd
_k658.406 WHIM
999 _c230633
_d230633